| Record ID | ia:thinkinginjava00ecke |
| Source | Internet Archive |
| Download MARC XML | https://archive.org/download/thinkinginjava00ecke/thinkinginjava00ecke_marc.xml |
| Download MARC binary | https://www.archive.org/download/thinkinginjava00ecke/thinkinginjava00ecke_meta.mrc |
LEADER: 02101cam 2200577 a 4500
001 ocm38130776
003 OCoLC
005 20100421144312.0
008 971216s1998 njua 001 0 eng
010 $a 97052713
040 $aDLC$cDLC$dC#P$dUKM$dUBA$dBAKER$dNLGGC$dBTCTA$dYDXCP
015 $aGB98-74159
019 $a40179611$a40396058
020 $a0136597238 (pbk.)
020 $a9780136597230 (pbk.)
035 $a(OCoLC)38130776$z(OCoLC)40179611$z(OCoLC)40396058
050 00 $aQA76.73.J38$bE25 1998
082 00 $a005.13/3$221
084 $a54.53$2bcl
100 1 $aEckel, Bruce.
245 10 $aThinking in Java /$cBruce Eckel.
260 $aUpper Saddle River, N.J. :$bPrentice Hall,$cc1998.
300 $a1098 p. :$bill. ;$c24 cm.
500 $aIncludes index.
650 0 $aJava (Computer program language)
650 7 $aLinguagem de programacao (outras)$2larpcal
650 17 $aJava (programmeertaal)$2gtt
938 $aBaker & Taylor$bBKTY$c39.95$d29.96$i0136597238$n0003105015$sactive
938 $aBaker and Taylor$bBTCP$n97052713
938 $aYBP Library Services$bYANK$n1444400
952 $a38130776$zDLC$bLIBRARY OF CONGRESS$hFull$iLCC$kDDC$u20100125
952 $a182906854$zXOX$bPALO ALTO RES CTR$hFull$iLCC$kDDC$u20071207
952 $a224595923$zCLS$bHARVARD UNIV, CABOT SCI LIBR$hFull batch$iLCC$kDDC$u20080416
952 $a275309087$zSTF$bSTANFORD UNIV LIBR$hPrepub$iLCC$kDDC$u20100302
952 $a369405748$zUBY$bBRIGHAM YOUNG UNIV LIBR$hFull$iLCC$kDDC$u20090603
952 $a484770776$zN15$bNEW YORK UNIV, GROUP BATCHLOAD$hFull$iLCC$kDDC$u20091212
029 1 $aUKM$bb9874159
029 1 $aNLGGC$b165566825
029 1 $aYDXCP$b1444400
029 1 $aNZ1$b2699132
029 1 $aAU@$b000013602624
029 1 $aUNITY$b032854447
029 1 $aUKBCC$b0136597238
029 1 $aUKWSX$b0136597238
029 1 $aUKHRW$b0136597238
029 1 $aUKLCL$b0136597238
029 1 $aUKCCC$b0136597238
029 1 $aUKHCL$b0136597238
029 1 $aSOUCL$b0136597238
994 $aZ0$bPMR
948 $hNO HOLDINGS IN PMR - 309 OTHER HOLDINGS